000 00572nam a22002057a 4500
003 Ost
005 20250618112018.0
008 250618b |||||||| |||| 00| 0 eng d
020 _a9780262034043
040 _cBT-PhCST
050 _a25380-25384
082 _222
_a333.9115
_bGRI
100 _aGriffin, Ronald C.
245 _aWater resource economics :
_bthe analysis of scarcity, policies and projects /
250 _a2 ed.
260 _aLondon :
_bThe MIT Press,
_cc2016.
300 _axv, 476 p. :
_bill. ;
_c23 cm.
500 _aIncludes Index.
942 _2ddc
_cWRE
999 _c10022
_d10022